| 000 | 00775nam a2200253Ia 4500 | ||
|---|---|---|---|
| 003 | OSt | ||
| 005 | 20221005044644.0 | ||
| 006 | a|||||r|||| 00| 0 | ||
| 007 | ta | ||
| 008 | 221004b |||||||| |||| 00| 0 eng d | ||
| 020 |
_a9789385302374 (hbk) _cINR 1475.00 |
||
| 024 | _a29427 | ||
| 037 |
_b75, 14/03/2017, Mallika Books _cTextual |
||
| 040 |
_aCRL _cCRL _beng |
||
| 041 |
_2eng _aeng |
||
| 082 | _aS:86, Q7 | ||
| 100 |
_aTajne Madhukar K. _9592689 |
||
| 245 | 0 |
_aHealth psychology _b basic issues and processes |
|
| 260 |
_aJaipur _bIshika publishing house India _c2017 |
||
| 300 |
_aviii,236p. _ccm. |
||
| 650 |
_aMENTAL ILLNESS _933226 |
||
| 942 |
_hS:86, Q7 _cTEXL _2cc |
||
| 999 |
_c953715 _d953715 |
||